| 000 | 00484nam a22001937a 4500 | ||
|---|---|---|---|
| 005 | 20251022124531.0 | ||
| 008 | 251022b |||||||| |||| 00| 0 eng d | ||
| 020 | _a9789371267779 | ||
| 040 | _cILCL | ||
| 041 |
_2eng _aeng |
||
| 084 | _aX64 R5 | ||
| 100 |
_aKumar, Vinod _9849199 |
||
| 245 | _aFinancial Markets and Institutions | ||
| 250 | _a4 | ||
| 260 |
_aNew Delhi _bTaxmann Publications _c2025 |
||
| 300 | _a245p. | ||
| 700 |
_aKaur, Manmeet _9849200 |
||
| 942 |
_2CC _cTB |
||
| 999 |
_c1464968 _d1464968 |
||